Poesía

Tallennettuna:
Bibliografiset tiedot
Päätekijä: VEGA, GARCILASO DE LA (Tekijä)
Aineistotyyppi: Kirja
Kieli:espanja
Julkaistu: Zaragoza Ebro 1961
Painos:7a. ed
Sarja:Clásicos Españoles
Aiheet:
Tagit: Lisää tagi
Ei tageja, Lisää ensimmäinen tagi!

MARC

LEADER 00000nam a2200000 a 4500
001 UCH7007
003 CL-VaPUC
008 091109e19610000SP |||||||||||||||||spa|d
082 0 4 |a 861  |b GAR  |2 21 
100 |a VEGA, GARCILASO DE LA  |e author  |9 508868 
245 1 0 |a Poesía 
250 |a 7a. ed 
300 |a 125 p 
942 |c BK 
945 |d 20091109 00:00:00  |a lazolas 
260 |a Zaragoza  |b Ebro  |c 1961 
650 0 |a Poesías españolas  |9 265100 
650 0 |a Literatura española  |9 306261 
583 |a last modification  |c 20091109 00:00:00  |k Rodrigo Vera 
490 0 |a Clásicos Españoles 
999 |c 337777  |d 337775